Los Procesos de flexibilidad laboral en América Latina: experiencias y resultados /
En la década del sesenta se establecieron diversos sistemas productivos que tuvieron un efecto favorable al disminuir de manera considerable los costos de producción, lo que trajo a las empresas un mayor nivel de eficiencia. Si bien hay argumentos que apoyan la flexibilidad como una solución para lo...
Uloženo v:
| Hlavní autor: | |
|---|---|
| Médium: | Text |
| Témata: | |
| Tagy: |
Přidat tag
Žádné tagy, Buďte první, kdo vytvoří štítek k tomuto záznamu!
|
MARC
| LEADER | 00000 a a2200000 04500 | ||
|---|---|---|---|
| 001 | 3615 | ||
| 003 | |||
| 040 | |||
| 100 | |a Ibarra Cisneros, Manuel | ||
| 245 | |a Los Procesos de flexibilidad laboral en América Latina: |b experiencias y resultados / |c Manuel Ibarra Cisneros | ||
| 520 | |a En la década del sesenta se establecieron diversos sistemas productivos que tuvieron un efecto favorable al disminuir de manera considerable los costos de producción, lo que trajo a las empresas un mayor nivel de eficiencia. Si bien hay argumentos que apoyan la flexibilidad como una solución para los temas de eficiencia, las tasas de empleo y la productividad, otros muestran sus efectos negativos. Para el autor, en el caso de las reformas adoptadas en Argentina, Brasil y Chile no han tenido resultados benéficos. Asimismo, se debaten las repercusiones de aprobar ese tipo de reformas en México | ||
| 650 | |a POLITICA LABORAL | ||
| 650 | |a MERCADO DE TRABAJO | ||
| 650 | |a CAMBIO ECONOMICO | ||
| 650 | |a COMPETITIVIDAD | ||
| 650 | |a ANALISIS COMPARATIVO | ||
| 650 | |a ARGENTINA | ||
| 650 | |a BRASIL | ||
| 650 | |a CHILE | ||
| 650 | |a MEXICO | ||
| 773 | |g volumen 56, número 6; páginas 458-467 | ||
| 999 | |c 27362 |d 27362 | ||
